00318pab a2200121 454500008004000000245006700040260000900107300001200116362001200128650001900140650001100159773002600170180718b1998 xxu||||| |||| 00| 0 eng d aINDIAN police after 50 years of independence - a special issue c1998 ap.1-122 aJan-Jun aPolice - India aPolice aIndian Police Journal